Statistics for RAAF Bases

Click here to take the quiz!

General Stats

  • This quiz has been taken 37 times
  • The average score is 9 of 17

Answer Stats

Town NameRAAF Base% Correct
Penrith, NSWRichmond
77%
Ipswich, QLDAmberley
73%
Newcastle, NSWWilliamtown
73%
Townsville, QLDTownsville
68%
Sale, VICEast Sale
64%
Darwin, NTDarwin
59%
Katherine, NTTindal
59%
Wagga Wagga, NSWWagga
59%
Melbourne, VICWilliams
59%
Perth, WAPearce
55%
Adelaide, SAEdinburgh
50%
Tamworth, NSWTamworth
50%
Woomera, SAWoomera
45%
Canberra, ACTFairbairn
41%
Weipa, QLD*Scherger
32%
Exmouth, WA*Learmonth
14%
Derby, WA*Curtin
9%

Score Distribution

Percentile by Number Answered

Percent of People with Each Score

Your Score History

You have not taken this quiz